000 00513nam a2200193Ia 4500
003 GCL
008 140319s9999 xx 000 0 eng d
040 _aGCL /
_cGCL
082 0 4 _a153.4
_bV S
100 1 _aVIGNAUX, GEORGES
245 1 0 _aLES SCIENCES COGNITIVES: UNE INTRODUCTION /
_cVIGNAUX, GEORGES
260 _a[S.N] :
_bLA DECOUVERTE ،
_c1994
300 _a351 P
650 0 4 _aARTIFICIAL INTELLIGENCE
650 0 4 _aCOGNITION
650 0 4 _aCOGNITIVE SCIENCE
650 0 4 _aINTELLECT
942 _2ddc
_cBK
999 _c24696
_d24696